[Event "Sao Paulo Cordioli Memorial"]
[Site "Sao Paulo"]
[Date "2015.09.06"]
[Round "4"]
[White "Le Bail, Clara"]
[Black "Ribeiro, Matheus Henrique Ma"]
[Result "0-1"]
[WhiteElo "1968"]
[BlackElo "1671"]
[PlyCount "94"]
[EventDate "2015.09.05"]
[EventType "swiss"]
[EventRounds "6"]
[EventCountry "BRA"]
[SourceTitle "EXT 2016"]
[Source "ChessBase"]
[SourceDate "2015.10.08"]
[SourceVersion "1"]
[SourceVersionDate "2015.10.08"]
[SourceQuality "1"]

1. e4 e6 2. d4 d5 3. exd5 exd5 4. Nf3 Bd6 5. c4 dxc4 6. Bxc4 Nf6 7. 0-0 0-0 8. Bg5 Bg4 9. Qd3 Nc6 10. Nbd2 Bb4 11. Rad1 Re8 12. a3 Bxd2 13. Rxd2 Bxf3 14. Qxf3 Nxd4 15. Qxb7 Qd6 16. Qa6 Qe5 17. Bxf6 gxf6 18. Qa4 Nf3+ 19. gxf3 Qg5+ 20. Kh1 Qxd2 21. Qc6 Qd6 22. Qxd6 cxd6 23. Rd1 Red8 24. Kg2 a5 25. a4 Kf8 26. f4 Rac8 27. b3 Rc5 28. Bd5 f5 29. Rd3 Ke7 30. Kf3 Rdc8 31. Ke3 Rc3 32. Kd4 Rc2 33. Ke3 R8c3 34. Rxc3 Rxc3+ 35. Kd4 Rh3 36. Kc4 Rxh2 37. Kb5 Rxf2 38. Kxa5 Rxf4 39. Kb5 Rd4 40. Bc6 Kd8 41. a5 Kc7 42. a6 Rb4+ 43. Kxb4 Kxc6 44. Ka5 f4 45. b4 f3 46. b5+ Kc7 47. b6+ Kc6 0-1

[Event "Bairro op"]
[Site "Bairro Buritizal"]
[Date "2014.04.12"]
[Round "4"]
[White "Assef, Nathaly Regina Reis"]
[Black "Ribeiro, Matheus Henrique Ma"]
[Result "1-0"]
[WhiteElo "1451"]
[BlackElo "1698"]
[PlyCount "75"]
[EventDate "2014.04.11"]
[EventType "swiss"]
[EventRounds "6"]
[EventCountry "BRA"]
[SourceTitle "CBM 160 Extra"]
[Source "ChessBase"]
[SourceDate "2014.07.01"]
[SourceVersion "1"]
[SourceVersionDate "2014.07.01"]
[SourceQuality "1"]

1. c4 c5 2. g3 Nf6 3. Bg2 g6 4. Nf3 Bg7 5. 0-0 Nc6 6. Nc3 0-0 7. Rb1 d5 8. cxd5 Nxd5 9. Qb3 Nxc3 10. bxc3 Qc7 11. Rd1 Rd8 12. Ng5 e5 13. Bd5 Rf8 14. Ne4 b6 15. Qb5 Bd7 16. Qb3 Rad8 17. Ng5 Bf5 18. e4 Na5 19. Bxf7+ Kh8 20. Qc2 Bg4 21. f3 Bxf3 22. Rf1 Rxf7 23. Rxf3 Rxf3 24. Nxf3 c4 25. Ne1 Qc5+ 26. Kg2 Rf8 27. Nf3 Qd6 28. Rb5 Nb7 29. Rd5 Qf6 30. Qd1 Nc5 31. Ba3 Bh6 32. Qe2 Nd3 33. Bxf8 Bxf8 34. Qf1 Bc5 35. Nxe5 Qe6 36. Qf7 Qc8 37. Rd7 Qg8 38. Qf6+ 1-0

[Event "Bairro op"]
[Site "Bairro Buritizal"]
[Date "2014.04.12"]
[Round "3"]
[White "Ribeiro, Matheus Henrique Ma"]
[Black "De Oliveira, Francemir Barra"]
[Result "1-0"]
[WhiteElo "1698"]
[BlackElo "1779"]
[PlyCount "83"]
[EventDate "2014.04.11"]
[EventType "swiss"]
[EventRounds "6"]
[EventCountry "BRA"]
[SourceTitle "CBM 160 Extra"]
[Source "ChessBase"]
[SourceDate "2014.07.01"]
[SourceVersion "1"]
[SourceVersionDate "2014.07.01"]
[SourceQuality "1"]

1. d4 b6 2. c4 e6 3. e4 Bb7 4. Bd3 f5 5. Nc3 Nf6 6. Bg5 Be7 7. f3 0-0 8. exf5 Nh5 9. Bxe7 Qxe7 10. fxe6 Qh4+ 11. g3 Nxg3 12. hxg3 Qxh1 13. Kd2 Qg2+ 14. Nge2 Qxf3 15. Qc2 h6 16. Bh7+ Kh8 17. e7 Re8 18. Nf4 Qxg3 19. Ng6+ Kxh7 20. Nf8+ Kg8 21. Qh7+ Kf7 22. Re1 Qg5+ 23. Kc2 Rxe7 24. Rf1+ Ke8 25. Ng6 d6 26. Qg8+ Kd7 27. Nf8+ Kd8 28. Ne6+ Kd7 29. Nxg5 hxg5 30. Rf8 Nc6 31. Rxa8 Nxd4+ 32. Kd3 Ne6 33. Rxa7 g4 34. Rxb7 Nc5+ 35. Kd2 Nxb7 36. Nd5 Re4 37. Qxg7+ Ke6 38. Qf6+ Kd7 39. Qf7+ Kd8 40. Qxc7+ Ke8 41. Nf6+ Kf8 42. Nxe4 1-0

[Event "BRA-ch Amateur"]
[Site "Sao Paulo"]
[Date "2014.03.04"]
[Round "7"]
[White "Ribeiro, Matheus Henrique Ma"]
[Black "Passos Coutinho, Eduardo"]
[Result "1-0"]
[WhiteElo "1631"]
[BlackElo "1804"]
[PlyCount "31"]
[EventDate "2014.03.01"]
[EventType "swiss"]
[EventRounds "7"]
[EventCountry "BRA"]
[SourceTitle "EXT 2016"]
[Source "ChessBase"]
[SourceDate "2015.10.08"]
[SourceVersion "1"]
[SourceVersionDate "2015.10.08"]
[SourceQuality "1"]

1. d4 Nf6 2. Nf3 e6 3. e3 b6 4. g3 Bb7 5. Bg2 Be7 6. c4 0-0 7. 0-0 c5 8. Nc3 cxd4 9. exd4 d5 10. Ne5 Qc7 11. Bf4 Qd8 12. Rc1 Nbd7 13. cxd5 Nxd5 14. Nxd5 Bxd5 15. Bxd5 exd5 16. Nc6 1-0

[Event "BRA-ch Amateur"]
[Site "Sao Paulo"]
[Date "2014.03.03"]
[Round "6"]
[White "Okawati, Gabriel Akira Andra"]
[Black "Ribeiro, Matheus Henrique Ma"]
[Result "1/2-1/2"]
[WhiteElo "1897"]
[BlackElo "1631"]
[PlyCount "52"]
[EventDate "2014.03.01"]
[EventType "swiss"]
[EventRounds "7"]
[EventCountry "BRA"]
[SourceTitle "EXT 2016"]
[Source "ChessBase"]
[SourceDate "2015.10.08"]
[SourceVersion "1"]
[SourceVersionDate "2015.10.08"]
[SourceQuality "1"]

1. e4 c6 2. d4 d5 3. exd5 cxd5 4. Bd3 Nc6 5. c3 e6 6. Bf4 Nf6 7. Nf3 Bd6 8. Bxd6 Qxd6 9. Nbd2 0-0 10. 0-0 Bd7 11. Qc2 Rac8 12. Rae1 Nb4 13. Qb1 Nxd3 14. Qxd3 Qb6 15. c4 dxc4 16. Nxc4 Rxc4 17. Qxc4 Bb5 18. Qc2 Rd8 19. Rc1 Bxf1 20. Kxf1 Qa6+ 21. Kg1 Qxa2 22. Qc7 Rf8 23. Qxb7 Nd5 24. h3 h6 25. Ne5 Qa4 26. Nc6 a6 1/2-1/2

[Event "BRA-ch Amateur"]
[Site "Sao Paulo"]
[Date "2014.03.03"]
[Round "5"]
[White "Ribeiro, Matheus Henrique Ma"]
[Black "Borensztajn, David"]
[Result "1/2-1/2"]
[WhiteElo "1631"]
[BlackElo "1874"]
[PlyCount "64"]
[EventDate "2014.03.01"]
[EventType "swiss"]
[EventRounds "7"]
[EventCountry "BRA"]
[SourceTitle "EXT 2016"]
[Source "ChessBase"]
[SourceDate "2015.10.08"]
[SourceVersion "1"]
[SourceVersionDate "2015.10.08"]
[SourceQuality "1"]

1. d4 d5 2. Nf3 e6 3. Nbd2 f5 4. e3 Nf6 5. Bd3 Bd6 6. b3 Qe7 7. Bb2 0-0 8. 0-0 Nbd7 9. Ne5 Bxe5 10. dxe5 Ng4 11. Nf3 b6 12. c4 Bb7 13. cxd5 Bxd5 14. Nd4 Qg5 15. Nxf5 exf5 16. Bxf5 Nxe3 17. Be6+ Bxe6 18. fxe3 Rxf1+ 19. Kxf1 Rf8+ 20. Kg1 Qxe3+ 21. Kh1 Rf2 22. Bd4 Rf1+ 23. Qxf1 Qxd4 24. Re1 h6 25. Qe2 a5 26. h3 Qd5 27. Rd1 Qc6 28. Qh5 Nf8 29. Kh2 a4 30. Rd8 Bf7 31. Qf5 axb3 32. axb3 Qe6 1/2-1/2

[Event "BRA-ch Amateur"]
[Site "Sao Paulo"]
[Date "2014.03.01"]
[Round "2"]
[White "Godinho, Bruno Cesar Ferreir"]
[Black "Ribeiro, Matheus Henrique Ma"]
[Result "0-1"]
[WhiteElo "1887"]
[BlackElo "1631"]
[PlyCount "50"]
[EventDate "2014.03.01"]
[EventType "swiss"]
[EventRounds "7"]
[EventCountry "BRA"]
[SourceTitle "EXT 2016"]
[Source "ChessBase"]
[SourceDate "2015.10.08"]
[SourceVersion "1"]
[SourceVersionDate "2015.10.08"]
[SourceQuality "1"]

1. e4 c6 2. d4 d5 3. e5 Bf5 4. Nf3 h6 5. Be2 Nd7 6. 0-0 e6 7. Nbd2 Qc7 8. c4 dxc4 9. Nxc4 Nb6 10. Ne3 Bh7 11. b3 Ne7 12. Ba3 Ned5 13. Bxf8 Rxf8 14. Rc1 0-0-0 15. Nc4 Nxc4 16. Rxc4 Nf4 17. Qd2 Nxe2+ 18. Qxe2 Rd5 19. Rfc1 Kb8 20. a4 Rfd8 21. Qd2 Be4 22. Qb4 Bxf3 23. Rxc6 Qxc6 24. Rxc6 Rxd4 25. Rc8+ Rxc8 0-1

[Event "Sao Paulo Hebraica op 17th"]
[Site "Sao Paulo"]
[Date "2014.01.12"]
[Round "6"]
[White "Hoshino, Meilin"]
[Black "Ribeiro, Matheus Henrique Ma"]
[Result "0-1"]
[WhiteElo "1483"]
[BlackElo "1646"]
[PlyCount "100"]
[EventDate "2014.01.09"]
[EventType "swiss"]
[EventRounds "6"]
[EventCountry "BRA"]
[SourceTitle "CBM 158 Extra"]
[Source "ChessBase"]
[SourceDate "2014.02.28"]
[SourceVersion "1"]
[SourceVersionDate "2014.02.28"]
[SourceQuality "1"]

1. d4 Nf6 2. c4 c5 3. d5 e6 4. dxe6 fxe6 5. Nc3 d5 6. cxd5 exd5 7. Bg5 d4 8. Ne4 Qa5+ 9. Bd2 Qb6 10. Qc2 Nxe4 11. Qxe4+ Be6 12. b3 Be7 13. Nf3 0-0 14. g3 Nd7 15. Bg2 Nf6 16. Qc2 Nd5 17. 0-0 Bf6 18. Rac1 Rac8 19. Bg5 Qd6 20. Bxf6 Nxf6 21. Ng5 Bd5 22. e4 Be6 23. Rcd1 b5 24. Rfe1 Qd7 25. e5 Bf5 26. e6 Bxc2 27. exd7 Nxd7 28. Bd5+ Kh8 29. Rd2 Bg6 30. Re7 Nf6 31. Be6 Ra8 32. h4 h6 33. Nf7+ Bxf7 34. Bxf7 Rac8 35. Bg6 Rfd8 36. Bf5 Rc6 37. g4 c4 38. bxc4 bxc4 39. g5 Ng8 40. Rxa7 c3 41. gxh6 Nxh6 42. Rc2 Nxf5 43. Kf1 d3 44. Rc1 d2 45. Rd1 c2 46. Rxd2 c1Q+ 47. Kg2 Rg6+ 48. Kf3 Qc3+ 49. Ke4 Re8+ 50. Kxf5 Qf6# 0-1

[Event "Sao Paulo Hebraica op 17th"]
[Site "Sao Paulo"]
[Date "2014.01.11"]
[Round "4"]
[White "Costa, Giovanni de Almeida"]
[Black "Ribeiro, Matheus Henrique Ma"]
[Result "1-0"]
[WhiteElo "1867"]
[BlackElo "1646"]
[PlyCount "59"]
[EventDate "2014.01.09"]
[EventType "swiss"]
[EventRounds "6"]
[EventCountry "BRA"]
[SourceTitle "CBM 158 Extra"]
[Source "ChessBase"]
[SourceDate "2014.02.28"]
[SourceVersion "1"]
[SourceVersionDate "2014.02.28"]
[SourceQuality "1"]

1. d4 Nf6 2. Nf3 e6 3. Bg5 c5 4. e3 Qb6 5. Nbd2 Qxb2 6. Bxf6 gxf6 7. Bd3 Qb6 8. 0-0 Nc6 9. c3 d5 10. Rb1 Qc7 11. dxc5 Bxc5 12. Nd4 e5 13. Nxc6 bxc6 14. Qh5 Bd6 15. Qh6 e4 16. Be2 Ke7 17. c4 Be6 18. cxd5 cxd5 19. Rfc1 Qa5 20. Rb7+ Bd7 21. Nb3 Qxa2 22. Bg4 Rad8 23. Nd4 Qa3 24. Rcb1 Be5 25. Nc6+ Ke8 26. Nxd8 Bxg4 27. Qg7 Rf8 28. Qxg4 Qd6 29. Nxf7 Bxh2+ 30. Kh1 1-0

[Event "Sao Paulo Hebraica op 17th"]
[Site "Sao Paulo"]
[Date "2014.01.09"]
[Round "1"]
[White "Ribeiro, Matheus Henrique Ma"]
[Black "Deus Filho, Joaquim"]
[Result "0-1"]
[WhiteElo "1646"]
[BlackElo "2012"]
[PlyCount "96"]
[EventDate "2014.01.09"]
[EventType "swiss"]
[EventRounds "6"]
[EventCountry "BRA"]
[SourceTitle "CBM 158 Extra"]
[Source "ChessBase"]
[SourceDate "2014.02.28"]
[SourceVersion "1"]
[SourceVersionDate "2014.02.28"]
[SourceQuality "1"]

1. Nf3 c5 2. e3 Nf6 3. b3 Nc6 4. Bb2 d6 5. g3 e5 6. d3 Be7 7. Bg2 0-0 8. 0-0 Ng4 9. c4 f5 10. Nc3 Qe8 11. Nd5 Qh5 12. h3 Nf6 13. Nxe7+ Nxe7 14. Nd2 Qg6 15. Nb1 h5 16. Nc3 f4 17. exf4 exf4 18. Re1 fxg3 19. Rxe7 gxf2+ 20. Kh1 Qg3 21. Qf3 Qxf3 22. Bxf3 Bxh3 23. Bg2 Bxg2+ 24. Kxg2 Ng4 25. Nd5 Rf7 26. Rxf7 Kxf7 27. Nf4 Re8 28. Nxh5 Re2 29. Kf3 Rxb2 30. Kxg4 Rxa2 31. Rf1 Rb2 32. Kg3 Rxb3 33. Rxf2+ Ke7 34. Rf3 a5 35. Nxg7 a4 36. Nf5+ Ke6 37. Kf4 a3 38. Re3+ Kd7 39. Re7+ Kc6 40. Ne3 Rxd3 41. Nd5 Rd4+ 42. Kf5 Rxc4 43. Nf4 b5 44. Re2 Rxf4+ 45. Kxf4 b4 46. Ra2 Kd5 47. Ke3 Kc4 48. Kd2 Kb3 0-1